Регионална библиотека "Любен Каравелов" - Русе

Рама (Запис номер 99629)

MARC детайли
000 -Лидер
Контролно поле с фиксирана дължина 01767nam a2200397 c 4500
003 - Код на организацията, давaща контролен номер
Контролно поле BLK
005 - Дата и час на последна редакция
Контролно поле 20240712113200.0
008 - Елементи от данни с фиксирана дължина
fixed length control field 180409b bul|||||r ||||||| ||bul||
010 ## - Наследен системен номер
LC control number KNG00104643000
020 ## - Международен стандартен номер на книга ISBN
Международен стандартен номер на книга ISBN 978-954-655-158-0
-- издат.: Бард - на том(т. 1)
040 ## - Източник на каталожния запис
Идентификатор на билиотеката - собственик на записа BLK
041 ## - Код за език
Код за езика на текст/звукозапис или на отделно заглавие Български
Код за езика КДБФ Български
072 #7 - Код за тематичната категория
Код организация bullib
Код за тематична категория Н8302
Текст Фантастика Н
080 ## - УДК
Текстов определител УДК Английска литература
УДК код - определител по УДК 821.111
УДК определител -312.9
УДК - код + определител 821.111-312.9
100 ## - Редна дума - Автор
Автор Кларк, Артър Чарлс
Дати, свързани с автора 1917 - 2008
R(LIN) 243603
139 ## - Редно поле
Редна дума Кларк, Артър Чарлс и др.
Авторски знак Кла - К 63
245 10 - Сведения за заглавието
Заглавие Рама
Подзаглавни данни Т. 1 -
Редно поле (дума) Артър Чарлс Кларк; съавт. Джентри Лий; прев. на том Александър Бояджиев.
Том Т. 1
Заглавие на том Среща с Рама
257 ## - Страна на издаване
Страна на създаване/издаване Великобритания
260 ## - Област на издателските данни
-- София
Година на издаване 2010 -
Печатница Хасково : Полиграфюг
300 ## - Физическа характеристика
Размери/Мащаб 21 см
380 ## - Жанр
Жанр Худож. лит.
490 1# - СЕРИИ (Колекции)
Име на серия Велики майстори на фентъзи и фантастика
505 ## - Форматирана забележка
Подзаглавни данни
Авторската отговорност
Заглавие Рама ІІ
653 ## - Ключова дума – ненормативна
Ключова дума фантастика
653 ## - Ключова дума – ненормативна
Ключова дума романи
659 ## - Тематичен бюлетин
Тематичен бюлетин Н
700 1# - Други автори (авторска отговорност)
Лично име Лий, Джентри
Автороска отговорност (Описва отношението между автора и произведението) съавт.
9 (RLIN) 250031
700 1# - Други автори (авторска отговорност)
Лично име Бояджиев, Александър
Автороска отговорност (Описва отношението между автора и произведението) прев. на том
9 (RLIN) 368073
760 1# - Описание на основната серия
-- - на том(т. 1)
Редна дума на основното описание Кларк, Артър Чарлс
Място на издаване, издател и година Бард, 2010
Страници - том 703 с.
Забележка - том Ориг. загл. Rendezvous with Rama ; Rama II / Arthur Clarke, Gentry Lee. - Съдържа и за авт.
Заглавие Т. 1 Среща с Рама
852 ## - Местоположение
Форматна сигнатура Цб 254904
856 4# - Електронен адрес и достъп
Електронен формат pdf - файл
Път до файла /url/
856 4# - Електронен адрес и достъп
Електронен формат pdf - файл
Път до файла /url/
942 ## - АРТИКУЛИ
Вид на библиотечния материал Книги
Скрит в OPAC Не
Koha issues (borrowed), all copies 10
944 ## - СЪЗДАВАНЕ И РЕДАКЦИЯ на ЗАПИСА
Създаване/Редакция Създаване
Дата на регистрацията/редакция 02.05.2012
Статус, дата на статуса Геновева Генчева
Служител, извършил регистрацията/редакцията 30560
944 ## - СЪЗДАВАНЕ И РЕДАКЦИЯ на ЗАПИСА
Създаване/Редакция Редакция
Дата на регистрацията/редакция 13.12.2017
Статус, дата на статуса ф /
Служител, извършил регистрацията/редакцията Людмила_Стоянова
999 ## - СИСТЕМНИ КОНТРОЛНИ НОМЕРА
Koha biblionumber 99629
Koha biblioitemnumber 99629
Наличности
Код за отписване Код за изгубен артикул Код за повреда Коз за рестрикции Код за отдаване Артикулен № Име на библиотеката - собственик Име на библиотеката, в която се намира в момента Статус (Текущо местоположение) Дата на вписване в системата Местоположение - отдел Цена в лева Инвентарен номер Систематично азбучна сигнатура Баркод Номер на екземпляра Цена в евро Служебна бележка Служебен тип на артикула Източник на класификационната схема
  Не е изгубен Не е повреден без рестрикции ползва се в читалня 160515 Регионална библиотека "Любен Каравелов" Русе Регионална библиотека "Любен Каравелов" Русе Хранилище 2012-04-21 Хранилище 24.95 120000757190 Цб 254904 120000757190 1 12.76 Дост: Dp Вид: Д N: 19 Дата: 10.05.2011 Книги  
  Не е изгубен Не е повреден без рестрикции заемане за дома 160516 Регионална библиотека "Любен Каравелов" Русе Регионална библиотека "Любен Каравелов" Русе Заемна - подръчен фонд 2017-11-30 Заемна - подръчен фонд 24.95 120000817628 П 820-31/К 63 120000817628 2 12.76 Дост: DA Вид: А N: 42 Дата: 30.11.2017 Дата инв: 16.02.2018 Бележки инв: П2018 Книги Universal Decimal Classification
Vip Innovations Ltd, Rousse, Bulgaria 2025